[Event "Zug FIDE GP"]
[Site "Zug"]
[Date "2013.04.21"]
[Round "4"]
[White "Kasimdzhanov, Rustam"]
[Black "Topalov, Veselin"]
[Result "1/2-1/2"]
[WhiteElo "2709"]
[BlackElo "2771"]
[Annotator "Krasenkow,M"]
[PlyCount "86"]
[EventDate "2013.04.18"]
[EventType "tourn"]
[EventRounds "11"]
[EventCountry "SUI"]
[EventCategory "21"]
[SourceTitle "CBM 154"]
[Source "ChessBase"]
[SourceDate "2013.05.15"]
[SourceVersion "1"]
[SourceVersionDate "2013.05.15"]
[SourceQuality "1"]
[WhiteClock "0:59:36"]
[BlackClock "1:10:44"]

1. d4 Nf6 2. c4 g6 3. Nc3 Bg7 4. e4 d6 5. Nf3 O-O 6. Be2 e5 7. O-O exd4 8. Nxd4
Re8 9. f3 c6 10. Kh1 Nh5 11. g4 Nf6 12. Bf4 h5 13. Nf5 $1 {[%mdl 512] This
interesting piece sacrifice was found just recently.} (13. g5 {is the main
theoretical move.}) 13... gxf5 14. gxf5 {[%cal Yf1g1,Gg1g8]} d5 {Black failed
to parry White's attack in two previous games:} (14... Nbd7 15. Rg1 Kh8 16. Qe1
Ne5 (16... Nh7 $5 {needs checking}) 17. Qh4 Nh7 18. Qxh5 Qe7 19. Rg3 Nd7 20.
Rag1 Ndf6 21. Qh4 Nxe4 22. Qxh7+ $1 Kxh7 23. Rxg7+ Kh8 24. fxe4 $18 {1-0 (35)
Shomoev,A (2557)-Ganguly,S (2626) Moscow 2013}) (14... Kh8 15. Rg1 Nh7 16. Bxd6
Nd7 17. Qd2 Be5 18. Bxe5+ Rxe5 19. f4 Re8 20. Bxh5 Qe7 21. Qg2 Qf8 {1/2 (39)
Antic,D (2473)-Markovic,M (2486) Pozarevac 2013} 22. e5 $16) 15. cxd5 cxd5 16.
e5 $6 (16. Rg1 $142 $1 $40 {(Indicated by GM M.Golubev), e.g.} dxe4 17. Nxe4 $1
Qxd1 (17... Nxe4 18. fxe4 Qxd1 19. Raxd1 Kh8 20. f6 $1 Bxf6 21. Rd5 Bg4 22.
Bxg4 hxg4 23. Rxg4 $18) (17... Bxf5 18. Nd6) 18. Nxf6+ Kh8 19. Raxd1 Bxf6 20.
Rd6 Nd7 21. Bb5 $16) 16... Bxf5 17. exf6 Qxf6 18. Nxd5 Qxb2 19. Ne7+ $1 Rxe7
20. Qd8+ Kh7 (20... Bf8 $142 $1 {, which apparently led to equality:} 21. Rg1+
(21. Bc4 Nd7 $1 22. Qxa8 Re4 $3) 21... Bg4 22. fxg4 Nd7 $1 (22... h4 $143 23.
Bf3) 23. gxh5+ Kh8 24. Qxa8 Rxe2 {(M.Golubev)} 25. Rae1 $1 Rxe1 26. Rxe1 Qf2
27. Bg3 Qf3+ 28. Kg1 Kh7 29. Bf2 Qg4+ 30. Bg3 Qf3 $11) 21. Qxe7 Bg6 (21... Nc6
$2 22. Qxf7 Bg6 23. Bd3 $1 Bxd3 24. Qxh5+ Kg8 25. Qd5+ $18) 22. Rad1 $6 (22.
Qe8 $142 $1 $16 {keeping Black's queenside frozen.} Qb4 23. Bg3 Bxa1 $6 24.
Rxa1 {is obviously bad for Black.}) 22... Nc6 23. Qe3 Qxa2 {Black has two
pawns for the exchange. White finally manages to capture one of them but
doesn't get winning chances:} 24. Bd3 Rd8 25. Bxg6+ fxg6 26. Rxd8 Nxd8 27. Be5
Ne6 28. Ra1 Qd5 29. Bxg7 Nxg7 {White's king is too exposed.} 30. Qe4 (30. Rxa7
Nf5 31. Qe2 {is hardly sufficient either.}) 30... Qd7 31. Rxa7 Qd1+ 32. Kg2
Qd2+ 33. Kh3 Qd7+ 34. Kg2 Qd2+ 35. Kg3 Qd6+ 36. f4 Kh6 37. Rxb7 Nf5+ 38. Kg2
Qd2+ 39. Kg1 Ne3 40. Rh7+ Kxh7 41. Qe7+ Kg8 42. Qe8+ Kg7 43. Qe7+ Kg8 1/2-1/2

[Event "Dortmund SuperGM 41st"]
[Site "Dortmund"]
[Date "2013.08.03"]
[Round "8"]
[White "Khenkin, Igor"]
[Black "Wang, Hao"]
[Result "1-0"]
[WhiteElo "2605"]
[BlackElo "2752"]
[Annotator "Szabo,Kr"]
[PlyCount "61"]
[EventDate "2013.07.26"]
[EventType "tourn"]
[EventRounds "9"]
[EventCountry "GER"]
[EventCategory "19"]
[SourceTitle "CBM 156"]
[Source "ChessBase"]
[SourceDate "2013.09.17"]
[SourceVersion "1"]
[SourceVersionDate "2013.09.17"]
[SourceQuality "1"]

1. d4 Nf6 2. c4 g6 3. Nc3 Bg7 4. e4 d6 5. Nf3 O-O 6. Be2 Na6 (6... Nbd7) ({or} 
6... e5 {are more common lines.}) 7. O-O e5 8. Re1 c6 9. Be3 Ng4 10. Bg5 f6 11.
Bh4 h5 $6 (11... Nh6 {also allows the typical breakthrough} 12. c5 $1 exd4 13.
Bxa6 dxc3 14. Bc4+) (11... Kh8 {is fighting against the c4-c5 breaktrough.} 12.
h3 Nh6) 12. h3 Nh6 13. c5 $1 {A typical crushing move in the King's Indian.}
exd4 $146 {The first novelty in the game. It is so interesting, because there
are two novelties in this game.} (13... g5 14. Bg3 g4 15. hxg4 hxg4 16. Nh4
dxc5 17. Bxa6 bxa6 18. dxe5 fxe5 {(Chabanon-Libiszewski, Evry 2008)} 19. Na4
$16 {Black has a terrible P structure. White's chances are much better.}) 14.
Bxa6 bxa6 15. Nxd4 $146 {The second novelty, but 15.Qxd4 was also strong.} (15.
Qxd4 Nf7 (15... g5 16. Bg3 dxc5 17. Qxc5 Qb6 18. Qc4+ Kh7 19. Bd6 $18 {
Sergeev-Nikitin, Simferopol 1989}) 16. Rad1 $16) 15... dxc5 16. Nxc6 Qe8 ({
The exchange of the Qs with} 16... Qxd1 {also looks hopeless for Black.} 17.
Raxd1 Be6 18. Nd5 Rf7 19. Bg3 $16 {Black's P structure is very bad and the
h6-N is completely out of play.}) 17. Qd6 $1 Kh7 18. Nd5 (18. Rad1 {was also
strong.}) 18... Bb7 19. Nce7 Rd8 20. Qxc5 Qb5 ({Probably} 20... Rd7 {is more
precise.} 21. Rac1 Ng8 22. Nxg8 Kxg8 {, but Black's position is already bad.})
21. Qc3 $18 g5 22. Bg3 Rf7 23. Rad1 {All White's moves are very logical. His
pieces are very active. He needs some exact moves, and Black's position will
collapse.} h4 24. Bh2 Qe8 25. Qc7 $1 Bxd5 26. exd5 f5 27. d6 Qd7 28. Nc6 Rc8
29. Qxd7 Rxd7 30. Re7 Rxe7 31. Nxe7 {A great win by Khenkin!} 1-0

[Event "EU-chT (Men) 19th"]
[Site "Warsaw"]
[Date "2013.11.16"]
[Round "8.1"]
[White "Swiercz, Dariusz"]
[Black "Saric, Ivan"]
[Result "0-1"]
[WhiteElo "2627"]
[BlackElo "2628"]
[Annotator "Krasenkow,M"]
[PlyCount "110"]
[EventDate "2013.11.08"]
[EventType "team-swiss"]
[EventRounds "9"]
[EventCountry "POL"]
[SourceTitle "CBM 158"]
[Source "ChessBase"]
[SourceDate "2014.01.16"]
[SourceVersion "1"]
[SourceVersionDate "2014.01.16"]
[SourceQuality "1"]
[WhiteTeam "Poland"]
[BlackTeam "Croatia"]
[WhiteTeamCountry "POL"]
[BlackTeamCountry "CRO"]

1. d4 Nf6 2. c4 g6 3. Nc3 Bg7 4. e4 d6 5. Nf3 O-O 6. Be2 e5 7. O-O exd4 8. Nxd4
Re8 9. f3 Nc6 10. Be3 Nh5 11. Qd2 Nf4 12. Rf2 (12. Rfd1 {is the main line.})
12... Ne6 (12... Nxe2+ 13. Rxe2 Be6 (13... Ne5 14. b3 a6 (14... c6 15. Rc1 Qd7
16. Rd1 b6 17. h3 f6 18. f4 Nf7 19. f5 Qb7 20. fxg6 hxg6 21. Qe1 Ne5 22. Qg3
$16 {1-0 (32) Lalic,B (2522)-Bilic,M (2352) Zagreb 2007}) 15. Bg5 $1 f6 16. Bh4
c6 17. Rf1 (17. Rd1 $142 $14 {Y.Pelletier}) 17... Bd7 18. Nc2 Qa5 19. Na4 Qc7
20. f4 Nf7 21. Bf2 b5 22. Nb6 $14 {1-0 (63) Pelletier,Y (2568)-Glek,I (2590)
Zuerich 2001 CBM 088 [Pelletier]}) 14. b3 (14. Nxe6 fxe6 15. Rd1 b6 16. Rf2 Ne5
17. b3 a6 18. h3 Qf6 19. Ne2 $14 {1/2 (68) Jovanic,O (2543)-Plenkovic,Z (2370)
Sibenik 2009}) 14... Qf6 (14... Qd7 15. Rd1 Rad8 16. Nxc6 bxc6 17. Bd4 f6 18.
Rde1 Qf7 19. Nd1 c5 20. Bb2 Rb8 21. Bc3 Rbd8 22. Nf2 Bd7 23. Qb2 a6 24. Nd3 $14
{1/2 (38) Herraiz Hidalgo,H (2494)-Hernandez,G (2544) Cullera 2003}) 15. Rd1
Nxd4 16. Bxd4 Qxd4+ 17. Qxd4 Bxd4+ 18. Rxd4 Re7 19. Kf2 Kg7 20. Rc2 Rae8 21. b4
f5 22. exf5 Bxf5 23. Rb2 b6 24. h4 Be6 25. a4 Bc8 26. Nb5 a6 27. Nc3 Bb7 28. c5
$14 {1/2 (46) Rodshtein,M (2622)-Kantsler,B (2468) Israel 2010}) (12... Nxd4
13. Bxd4 Be5 (13... Bxd4 14. Qxd4 Qg5 {1-0 (49) Pelletier,Y (2604)-Weindl,A 
(2295) Zuerich SUI 2012} 15. Nd5 $1 $14) 14. Bf1 Qg5 (14... c6 15. Kh1 a6 16.
Rd1 Qe7 17. Be3 Nh5 18. Bg5 f6 19. Be3 f5 20. Bg5 Qg7 21. Bh6 $14 Qf6 $2 22. g4
$1 Ng7 23. gxf5 gxf5 24. Rg2 $16 {1-0 (31) Krivoshey,S (2450)-Salai,L (2435)
Prievidza 1997}) 15. g3 Bxd4 16. Qxd4 Ne6 17. Qd1 $14 {1/2 (37) Huzman,A (2610)
-Stanec,N (2485) Dresden 1998 CBM 065 [Huzman]}) 13. Nc2 (13. Nxe6 $5 fxe6 (
13... Bxe6 14. Nd5) 14. f4 {looks like a simpler way to a stable plus.}) 13...
f5 {Logical but White is well-prepared for the opening of the position - he
has the better development.} (13... b6 14. Bf1 Bb7 15. Rb1 a5 16. Nd5 Nc5 17.
Bg5 f6 18. Be3 Ne5 19. Nd4 c6 20. Nc3 Qe7 21. b3 Rad8 22. a3 Kh8 23. b4 axb4
24. axb4 Ncd7 25. Ra1 $14 {1-0 (50) Skoberne,J (2492)-Srebrnic,M (2333) Otocec
2009}) 14. exf5 gxf5 15. f4 Nc5 16. Rf3 $146 {Not a bad move but hardly an
improvement on the previous game, in which White obtained a comfortable
davantage:} (16. Bf3 Be6 17. Nd4 Bd7 18. Rd1 Nxd4 19. Bxd4 Bc6 20. b4 Bxd4 21.
Qxd4 Ne6 22. Qd2 Qf6 23. Bd5 Kh8 24. b5 Bxd5 25. Nxd5 Qf7 26. Rf3 Rad8 27. Re3
c5 28. bxc6 bxc6 29. Rde1 $1 Ng7 30. Ne7 $16 {1/2 (71) Huzman,A (2576)
-Bachmann Schiavo,A (2414) Turin 2006}) 16... Be6 17. Rg3 Bf7 18. b4 Ne6 19.
Nd5 Bg6 20. Rd1 a5 21. a3 $6 {[%mdl 16384]} ({White didn't want to play} 21. b5
{, giving up the c5-square, but that was better than allowing an invasion by
Black's rook. Black should probably sacrifice a pawn:} Nb4 $1 22. Ncxb4 axb4
23. Nxb4 Ra3 {but after} 24. Bf2 {his compensation is hardly sufficient
although the position remains tense.}) 21... axb4 22. axb4 Ra2 23. Qd3 Rxc2 $1
{[%mdl 512] White underestimated this exchange sacrifice. Black gains the
f4-pawn and obtains an active position.} 24. Qxc2 Ncd4 25. Qd2 Nxe2+ 26. Qxe2
c6 27. Bb6 (27. Nb6 Nxf4 28. Qd2 Ne6 $44 {[%cal Yg7e5]} (28... Ne2+ $5 29. Qxe2
f4)) 27... Qd7 28. Ne3 Nxf4 29. Qf3 $2 {Not the best place for the queen.} (29.
Qd2 {was more accurate.}) 29... Re4 $1 {[+]} 30. Rf1 $2 {White has lost the
thread of the game.} (30. Qf2 $142) 30... d5 $1 31. cxd5 cxd5 32. Kh1 d4 33.
Nd1 Nh5 34. Rh3 Nf4 35. Rg3 Nd5 36. Ba7 {[%csl Ra7]} Be5 {[%csl Gd4,Gd5,Ge4,
Ge5] It is now Black who enjoys perfect centralisation.} 37. Rh3 b6 {[%csl Ra7]
White's bishop is now completely out of play.} 38. Qa3 {All White's pieces are
on various edges of the board!} f4 39. Nf2 Re3 40. Qa2 Qb5 41. Kg1 Kg7 42. Ng4
(42. Bxb6 Nxb6 43. Qa7+ Kg8 {is equally hopeless.}) 42... Nc3 43. Qa1 Rxh3 44.
gxh3 d3 {[%csl Gd3]} 45. Nxe5 Qxe5 46. Bxb6 d2 47. Qa7+ Kh6 48. Qd7 Qg5+ 49.
Kf2 Qh4+ 50. Kg1 Ne2+ 51. Kg2 Be4+ 52. Rf3 Bxf3+ 53. Kxf3 Nd4+ $1 54. Ke4 (54.
Qxd4 d1=Q+ 55. Qxd1 Qh5+) 54... f3+ 55. Ke3 Qg5+ 0-1

[Event "Poikovsky Karpov 15th"]
[Site "Poikovsky"]
[Date "2014.05.11"]
[Round "1"]
[White "Shirov, Alexei"]
[Black "Saric, Ivan"]
[Result "1/2-1/2"]
[WhiteElo "2703"]
[BlackElo "2666"]
[Annotator "Szabo,Kr"]
[PlyCount "87"]
[EventDate "2014.05.11"]
[EventType "tourn"]
[EventRounds "9"]
[EventCountry "RUS"]
[EventCategory "18"]
[SourceTitle "CBM 161"]
[Source "ChessBase"]
[SourceDate "2014.07.16"]
[SourceVersion "1"]
[SourceVersionDate "2014.07.16"]
[SourceQuality "1"]

1. d4 Nf6 2. c4 g6 3. Nc3 Bg7 4. e4 d6 5. Be2 O-O 6. Nf3 e5 7. O-O exd4 8. Nxd4
Re8 9. f3 Nc6 (9... c6 {is another main move.}) 10. Be3 Nh5 11. Qd2 Nf4 12.
Rad1 (12. Rfd1 {is more popular, but very similar to the text move. A long
time ago Shirov had a game with Black with} Nxe2+ 13. Ncxe2 Ne5 14. b3 c6 (
14... Bd7 15. Rac1 $14) 15. Rac1 Qc7 16. Nc3 b6 17. Nde2 Bf8 18. Bg5 Nd7 ({
In case of} 18... Bb7 19. f4 $1 Nd7 (19... Ng4 20. h3 Nh6 21. f5 $18) 20. e5
$36 {and White has a great initiative.}) 19. Bh6 Bxh6 20. Qxh6 $16 {and White
was better, later he managed to win, Ivanchuk-Shirov, Yerevan 1996.}) 12...
Nxd4 13. Bxd4 Qg5 14. g3 Bxd4+ 15. Qxd4 Nxe2+ 16. Nxe2 b6 17. Nc3 Bb7 18. Nd5
$146 {The first novelty in the game.} (18. Rf2 Re7 19. Nd5 Bxd5 20. Qxd5 Qxd5
21. cxd5 Rf8 22. Rd4 f5 $11 {with an equal endgame, Prohaszka-Videki, Hungary
2008.}) 18... Bxd5 19. cxd5 Re7 {This is a typical major piece endgame. White
has gained some space and Black's c7 P is a little bit weak. On the other hand
Black's position is solid and he can play for f5, so the position is balanced.}
20. Kf2 {First this move looks very strange, but White is preparing for h4, so
he protects the g3 P.} f5 {Of course, Black also continues his plan, moreover
White's K on f2 can be a target for Black.} 21. h4 Qh5 22. exf5 Rae8 $1 {
The right move, Black doesn't take back immediately, first he brings in his
last piece.} 23. Rd2 ({The engine also suggests} 23. f6 Re2+ 24. Kg1 Qf5 $1 {
Black is threatening both Qh3 and Qc2.} 25. g4 $1 Qc2 26. f7+ $1 Kxf7 27. Qf4+
Kg8 28. Rc1 $1 Qxb2 29. Rxc7 Rf8 30. Qxd6 $11 {ect. A typical line by Houdini4!
}) 23... Qxf5 24. Kg2 Re2+ 25. Rf2 Re1 {Black doesn't want to exchange the Rs,
because he is very strong on the e-file.} 26. Qd3 {An important move,
otherwise Qb1 is dangerous.} Qe5 27. Rc2 Re7 {Black dominates the e-file, his
position looks more comfortable. On the other hand White's position is stable,
it is not so easy to find any weakness in his position.} 28. Rc4 {White
activates his R and he tries to create some weaknesses on the queenside.} b5 ({
The solid} 28... a5 {was also possible} 29. a4 Re3 30. Qd2 {with a drawish
position.}) 29. Rb4 a6 30. a4 bxa4 ({In the event of} 30... Re3 31. Qd1 {
and White is safe.}) 31. Rxa4 {After some exact moves by White Black's a6 P
became weak, so now Black has to play for the draw.} Re2 32. Rxe2 Qxe2+ 33.
Qxe2 Rxe2+ 34. Kh3 Rxb2 35. Rxa6 Rb5 36. Ra8+ Kf7 37. Rc8 h5 38. Rxc7+ Kf6 39.
g4 hxg4+ 40. fxg4 Rxd5 41. g5+ Ke6 42. Rg7 Rd3+ 43. Kg4 Rd4+ 44. Kg3 1/2-1/2

[Event "Tata Steel-A 77th"]
[Site "Wijk aan Zee"]
[Date "2015.01.23"]
[Round "11"]
[White "Wojtaszek, Radoslaw"]
[Black "Ding, Liren"]
[Result "0-1"]
[WhiteElo "2744"]
[BlackElo "2732"]
[Annotator "Pavlovic,M"]
[PlyCount "130"]
[EventDate "2015.01.10"]
[EventType "tourn"]
[EventRounds "13"]
[EventCountry "NED"]
[EventCategory "20"]
[SourceTitle "CBM 165"]
[Source "ChessBase"]
[SourceDate "2015.03.11"]
[SourceVersion "1"]
[SourceVersionDate "2015.03.11"]
[SourceQuality "1"]

1. d4 Nf6 2. c4 g6 3. Nc3 Bg7 4. e4 d6 5. Nf3 O-O 6. Be2 Na6 7. O-O e5 8. Be3
c6 9. d5 Ng4 10. Bg5 f6 11. Bh4 c5 12. Ne1 h5 13. a3 Nh6 14. h3 Nf7 15. Nd3 {
A usual position in the Na6 line. Such a position can also be reached from
different move orders in the King's Indian. For that matter it is a rather
important line.} Bh6 (15... Bd7 16. b4 b6 17. Rb1 Qe7 18. Qc2 (18. bxc5 Nxc5
19. Nxc5 dxc5 {with similar play to that in the game}) 18... Bh6 19. Rbe1 Rac8
20. b5 Nc7 21. Bd1 Ne8 22. Bg3 Ng7 23. a4 Rce8 {0-1 (52) Van Wely,L (2655)
-Piket,J (2630) Groningen 1997, with a complicated game ahead of us.}) 16. b4 {
White can also try to go for a fast f4, for example} (16. Rb1 Bg5 17. Bg3 h4
18. Bh2 Kg7 19. b4 b6 20. f4 $5 exf4 21. Bxf4 Bxf4 $6 (21... Qe7 22. Qd2 Bd7
23. bxc5 Nxc5 24. Nxc5 dxc5 $13) 22. Rxf4 g5 $6 23. Rf2 Qe7 24. Bg4 Ne5 25. Bf5
(25. Nxe5 $1 Qxe5 26. Bxc8 Raxc8 27. Nb5 Rf7 28. Qg4 Re8 29. Rbf1 $18) 25...
Re8 26. Nxe5 Qxe5 27. Nb5 Re7 28. Qa4 Bxf5 29. Rxf5 Qxe4 30. Rbf1 $18 {0-1 (41)
Bitalzadeh,A (2370)-Sparenberg,E (2041) Hoogeveen 2008}) (16. Bg3 Qe7 17. f4
exf4 18. Bxf4 Bxf4 19. Nxf4 Ne5 20. Qe1 Nc7 21. Rc1 {It is not easy to
understand such a move} Ne8 22. Nd1 Ng7 23. Qg3 Kh7 24. Ne3 f5 $1 $13 {0-1 (58)
Antic,D (2494)-Popovic,P (2490) Vrnjacka Banja 1999}) 16... Bd7 (16... Kg7 17.
Qc2 Qe7 18. Qb2 Bf4 $5 {a typical idea in this and similar lines} 19. Bg3 Bxg3
20. fxg3 Rb8 21. bxc5 Nxc5 22. Nxc5 dxc5 23. Bd3 b6 24. a4 a5 25. Ra3 Rd8 26.
Rb3 Rd6 27. Qb1 Ba6 28. Rf2 Qd8 29. Rfb2 Kf8 $11 {1/2-1/2 (36) Topalov,V (2707)
-Georgiev,K (2661) New Delhi/Teheran 2000}) 17. Rb1 b6 18. bxc5 Nxc5 19. Nxc5
dxc5 (19... bxc5 20. Rb7 $14) 20. a4 Nd6 21. Qd3 Kg7 22. Rb2 Bg5 23. Bg3 h4 24.
Bh2 Qe8 {I don't like this move so much, the queen belongs on the e7-square.} (
24... a5 $5 {preventing White's a5 is a serious option} 25. Qb1 (25. f4 Bxf4
26. Bxf4 exf4 27. Rxf4 g5 28. Rf1 Rb8 29. Qb1 Qe7 30. Rxb6 Rxb6 31. Qxb6 Qe5
32. Qxc5 Bxh3 33. Qe3 Nf5 $3 $132) 25... Rb8 26. Rb3 Rb7 27. Qb2 Qc7 28. Rb1
Rfb8 $13) (24... Qe7 25. a5 Rfb8 26. Rfb1 Qd8 {this was a possible alternative
for Black, for instance} 27. Kh1 {[%cal Gh2g1,Gf2f3]} bxa5 $5 28. Bg1 Qc7 29.
f3 Rb4 $13) 25. Ra1 Nb7 26. Kh1 Qe7 {Black has prevented a5 but the knight on
b7 is passive.} 27. Qc2 Bf4 28. Bg1 f5 29. Bd3 Rf6 30. d6 $1 {The key idea
that troubles Black all the time when the knight is absent from the d6-square.}
Rxd6 31. Nd5 Qf7 {To sacrifice an exchange is tempting as usual in such
positions, but it is not sure that Black can achieve much.} (31... Rxd5 $5 32.
cxd5 (32. exd5 e4 $15) 32... Rf8 33. Ba6 $5 (33. f3 Nd6 $44) 33... Nd6 34. a5
$1 b5 35. Qxc5 fxe4 36. Qxa7 Rf7 37. Rb3 $1 {White stops Black's threats.}) 32.
Qc3 Kh7 33. Re1 Re8 34. Rbe2 {White is accumulating pressure.} fxe4 35. Bxe4
Nd8 36. Nxf4 exf4 37. Bd5 Ne6 38. Bh2 Qg7 39. Re5 g5 {Black is a pawn up, but
his position looks rather strange, on the other hand the bishop on h2 is
locked up and that helps Black a lot.} 40. Qf3 Kh6 41. Bxf4 Rf8 (41... Nxf4 42.
Rxe8 Bxe8 43. Rxe8 Qa1+ 44. Kh2 Qf6 $13) 42. Rxe6+ Rxe6 43. Bxg5+ Kxg5 44. Qg4+
Kf6 45. Rxe6+ Bxe6 46. Qxe6+ Kg5 47. Qg4+ Kf6 48. Qe6+ Kg5 49. Qg4+ Kf6 50.
Qxh4+ Qg5 51. Qe4 Qe5 52. Qh4+ Qg5 53. Qe4 Qe5 54. Qc2 Qe1+ 55. Kh2 Kg7 56. f3
$6 {A mistake that doesn't lose the game but loses the momentum to keep the
initiative with queens on the board.} (56. Qb2+ $1 Kh6 57. f3 $36) 56... Re8 $1
57. Qf5 {Or 52.Qb2+.} Qe5+ $1 58. Qxe5+ {We have reached an interesting
endgame.} Rxe5 59. Be4 {I think straightforward play was much better, it seems
that Wojtaszek missed the main point here for Black.} (59. g4 $1 a5 $1 {
probably the only defence} (59... a6 60. Kg3 b5 61. axb5 axb5 62. Kf4 Kf6 63.
h4 $18) (59... Re2+ 60. Kg3 Ra2 61. g5 Rxa4 62. f4 b5 63. f5 bxc4 64. f6+ Kg6
65. h4 c3 66. f7 Kg7 67. h5 c2 68. h6+ Kg6 69. f8=Q $18) 60. f4 Re2+ 61. Kg3
Re3+ 62. Kh4 Ra3 63. g5 b5 $1 64. axb5 (64. cxb5 Rxa4 $19) 64... a4 65. f5 Re3
66. f6+ Kg6 67. Kg4 a3 68. h4 Re8 69. h5+ Kh7 70. h6 Kg6 71. f7 Rf8 72. Be4+
Kxf7 73. g6+ Kf6 74. g7 Rd8 75. Bb1 Rb8 $11) 59... Re6 $1 60. Kg3 $6 Rd6 61.
Bd5 a5 $1 {A key move and an important resource.} 62. Bb7 $6 b5 $1 63. cxb5 c4
64. Be4 c3 65. Kf4 Rd2 {Due to huge mistakes in the last part of the game
Black even manged to pull off a win.} 0-1